00515 2200205 4500001002100000005001500021035002000036007000300056008004100059020002200100082000800122084001800130100001100148245005400159260003100213300001700244990001600261990001600277990001600293INLIS00000000000133320211209010310 a0010-1221000013ta211209 g 0 ind  a978-602-434-953-0 a330 a330 ALA b c.30 aAlam S1 aBuku Penilaian Bupena Ekonomi untuk SMAMA Kelas X aJakarta :bErlangga,c2018 a178 ;c26 cm a2021/p/1317 a2021/p/1318 a2021/p/1319